Compartir amb la natura : com organitzar un campament ecològic / Jordi Miralles, Mireia Mena com organitzar un campament ecològic / Jordi Miralles, Mireia Mena
ISBN:
84-87064-27-2
Descripción Física:
176 p. : il. ; 21 cm
Otros Autores:
Mena, Mireia
MARC
| LEADER | 00000nam a2200000Ia 4500 | ||
|---|---|---|---|
| 001 | 17365 | ||
| 008 | 160829s2004 xx 000 0 cat d | ||
| 020 | |a 84-87064-27-2 | ||
| 080 | |a C-2-419 | ||
| 100 | |a Miralles i Ferrer, Jordi |9 26008 | ||
| 245 | |a Compartir amb la natura : |b com organitzar un campament ecològic / Jordi Miralles, Mireia Mena | ||
| 250 | |a 3a ed., rev. | ||
| 260 | |a Barcelona : |b Fundació Terra : |b Fundació Francesc Ferrer i Guàrdia, |c 2004 | ||
| 300 | |a 176 p. : |b il. ; |c 21 cm | ||
| 590 | |a A la portada: Diputació de Barcelona. Xarxa de municipis | ||
| 650 | |a Acampada |9 37783 | ||
| 650 | 0 | |a Educació ambiental |9 30861 | |
| 650 | |a Lleure |9 37784 | ||
| 700 | |a Mena, Mireia |9 4141 | ||
| 901 | |a Arxiu | ||
| 942 | |n 1 | ||
| 952 | |0 0 |1 0 |4 0 |6 C2419 |7 1 |9 48072 |a Arxiu |b Arxiu |d 2016-12-01 |l 0 |o C-2-419 |p 17365 |r 2016-12-01 00:00:00 |w 2016-12-01 |y ARXIU | ||
| 999 | |c 51875 |d 51875 | ||